| 000 | 00610nmm a2200169Ia 4500 | ||
|---|---|---|---|
| 008 | 251105s9999||||xx |||||||||||||||||und|| | ||
| 020 | _a9780872494374 | ||
| 041 | _aeng | ||
| 100 | _aHorry, Harriott Pinckney | ||
| 245 | 0 |
_aColonial Plantation Cookbook : _b The Receipt Book of Harriott Pinckney Horry, 1770 |
|
| 264 |
_a[Washington, Estados Unidos] : _bUniversity of South Carolina Press, _c[Fecha de publicación no identificada] |
||
| 300 | _a0 pƔginas | ||
| 700 | _aHorry, Harriott Pinckney | ||
| 700 | 1 | _a Hooker, Richard J. | |
| 856 | _uhttps://public.digitaliapublishing.com/a/83491 | ||
| 942 | _cCF | ||
| 999 |
_c66976 _d66976 |
||